Central Library and Information Centre
Sibsagar Girls' College, Sivasagar : Assam

INTRODUCTION TO ECONOMIC ZOOLOGY (Record no. 22414)

MARC details
000 -LEADER
fixed length control field 00549cam a2200205ua 4500
008 - FIXED-LENGTH DATA ELEMENTS--GENERAL INFORMATION
fixed length control field 190613n2016 II |||gr||||Z||||||eng
040 ## - CATALOGING SOURCE
Original cataloging agency MAIN
041 ## - LANGUAGE CODE
-- English
100 ## - MAIN ENTRY--PERSONAL NAME
Personal name SARKAR, SUPRITA,
Relator term AUTHOR.
245 ## - TITLE STATEMENT
Title INTRODUCTION TO ECONOMIC ZOOLOGY
250 ## - EDITION STATEMENT
Edition statement 1ST ED REP.
260 ## - PUBLICATION, DISTRIBUTION, ETC.
Place of publication, distribution, etc. NEW DELHI
Name of publisher, distributor, etc. NEW CENTRAL BOOK AGENCY
Date of publication, distribution, etc. 2016
300 ## - PHYSICAL DESCRIPTION
Extent 538:
Dimensions 21CM+
Accompanying material PB.
500 ## - GENERAL NOTE
General note RUSA MDC GRANT 2014-2017
700 ## - ADDED ENTRY--PERSONAL NAME
Personal name KUNDU, GAUTAM,
Relator term AUTHOR.
700 ## - ADDED ENTRY--PERSONAL NAME
Personal name CHAKI, K.K.,
Relator term AUTHOR.
942 ## - ADDED ENTRY ELEMENTS (KOHA)
Koha item type Books
653 ## - INDEX TERM--UNCONTROLLED
Uncontrolled term Economic Zoology
Holdings
Withdrawn status Lost status Source of classification or shelving scheme Damaged status Not for loan Collection code Home library Current library Shelving location Date acquired Barcode Date last seen Price effective from Koha item type Public note
    Dewey Decimal Classification     REFZOO Central Library and Information Centre Sibsagar Girls College Central Library and Information Centre Sibsagar Girls College ZOOLOGY BOOK RACK 29.08.2017 34809 06.04.2023 06.04.2023 Books V
    Dewey Decimal Classification     REFZOO Central Library and Information Centre Sibsagar Girls College Central Library and Information Centre Sibsagar Girls College ZOOLOGY BOOK RACK 29.08.2017 34810 06.04.2023 06.04.2023 Books V
    Dewey Decimal Classification     REFZOO Central Library and Information Centre Sibsagar Girls College Central Library and Information Centre Sibsagar Girls College ZOOLOGY BOOK RACK 29.08.2017 34811 06.04.2023 06.04.2023 Books V
    Dewey Decimal Classification     REFZOO Central Library and Information Centre Sibsagar Girls College Central Library and Information Centre Sibsagar Girls College ZOOLOGY BOOK RACK 29.08.2017 34812 06.04.2023 06.04.2023 Books V
    Dewey Decimal Classification     REFZOO Central Library and Information Centre Sibsagar Girls College Central Library and Information Centre Sibsagar Girls College ZOOLOGY BOOK RACK 29.08.2017 34813 06.04.2023 06.04.2023 Books V


Sibsagar Girl's College © 2020. All rights reserved.
Powered by Koha.
Maintained by Abhijit Borpuzari.